|
|
|
|
| LEADER |
00829nam a2200253 4500 |
| 001 |
DLU090071368 |
| 005 |
##20090511 |
| 040 |
# |
# |
|a DLU
|b vie
|
| 041 |
# |
# |
|a vie
|
| 044 |
# |
# |
|a vn
|
| 100 |
# |
# |
|a Nguyễn Bá Chiến,
|c ThS.
|
| 245 |
# |
# |
|a Quyền lựa chọn pháp luật áp dụng của các cá nhân, tổ chức trong lĩnh vực tư pháp quốc tế /
|c Nguyễn Bá Chiến.
|
| 653 |
# |
# |
|a Quyền lựa chọn pháp luật
|
| 653 |
# |
# |
|a Tư pháp quốc tế
|
| 773 |
# |
# |
|t Nhà nước và pháp luật
|g Số 2(214), 2006, tr. 72-78
|
| 920 |
# |
# |
|a Phòng Tạp chí -- Trung tâm Thông tin - Thư viện Trường Đại học Đà Lạt
|
| 994 |
# |
# |
|a DLU
|
| 900 |
# |
# |
|a True
|
| 911 |
# |
# |
|a Nguyễn Thị Hồng Lê
|
| 925 |
# |
# |
|a G
|
| 926 |
# |
# |
|a A
|
| 927 |
# |
# |
|a BB
|
| 980 |
# |
# |
|a Thư viện Trường Đại học Đà Lạt
|